| 000 | 00637nam a2200145 i 4500 | ||
|---|---|---|---|
| 001 | 94018 | ||
| 003 | ES-MaACL | ||
| 007 | t| | ||
| 008 | 050427s1904 sp ||||1| spa d | ||
| 100 | 1 |
_aLópez-Pelegrín y Tavira, José. _973873 |
|
| 245 | 1 | 0 |
_aSentencia dictada por D. José López-Pelegrin y Tavira, juez de Almodovar del Campo... contra Doña María Micaela Bringas y de las Barcenas... sobre reivindicaciones del dominio útil de cinco quintos de tierra / _cJosé López-Pelegrín y Tavira. |
| 260 |
_aMadrid : _bM. Minuesa de los Ríos, _c1904. |
||
| 300 |
_a62 p. ; _c24 cm. |
||
| 852 |
_aES-MaACL _jL-4911(18-3) |
||
| 999 |
_c94018 _d94018 |
||